Le Corbusier : Ideas and Forms /
Guardado en:
| Autor principal: | |
|---|---|
| Formato: | Libro |
| Lenguaje: | inglés |
| Publicado: |
London :
Phaidon Press,
2001
|
| Etiquetas: |
Sin Etiquetas, Sea el primero en etiquetar este registro!
|
MARC
| LEADER | 00000nam a22000003a 4500 | ||
|---|---|---|---|
| 001 | stu79467 | ||
| 005 | 20191204094943.8 | ||
| 008 | 030304s2001------------------------eng-d | ||
| 020 | |a 0714827908 | ||
| 040 | |a STU |b slo | ||
| 041 | 0 | |a eng | |
| 100 | 1 | |a Curtis, Wiliam J.R. |4 aut | |
| 245 | 1 | |a Le Corbusier : |b Ideas and Forms / |c aut. Wiliam J.R. Curtis | |
| 260 | |a London : |b Phaidon Press, |c 2001 | ||
| 300 | |a 240 s | ||
| 996 | |b 284AU08170 |c A*3857 |l AAKNST |s P |a 0 |w stu79467_0001 | ||